Governance and ICT : innovative e-government actions at local and regional level
Saved in:
| Corporate Author: | |
|---|---|
| Format: | Book |
| Language: | English |
| Published: |
Luxembourg :
Office for Official Publications of the European Communities,
2003
|
| Subjects: | |
| Tags: |
Add Tag
No Tags, Be the first to tag this record!
|
MARC
| LEADER | 00000nam a2200000 i 4500 | ||
|---|---|---|---|
| 001 | 1/62756 | ||
| 008 | 071113s2003 eng d | ||
| 020 | |a 92-895-0277-0 | ||
| 035 | |l 10092253 | ||
| 040 | |a GR-MY-UA |b gre |e aacr | ||
| 041 | 0 | |a eng | |
| 082 | 0 | |a 025.04 |2 (22) | |
| 245 | 1 | 0 | |a Governance and ICT : |b innovative e-government actions at local and regional level / |c European Union, Commitee of the Regions |
| 260 | |a Luxembourg : |b Office for Official Publications of the European Communities, |c 2003 | ||
| 300 | |a 138 σ.; |b έγχρ. εικ.; |c 23 εκ. | ||
| 610 | 2 | 0 | |a European Union |x Information services. |
| 650 | 0 | 0 | |a Electronic government information |z European Union countries. |
| 710 | 2 | |a Committee of the Regions. | |
| 852 | |a INST |b LESVOS |e 20071113 |h 025.04 GOV |p 005100041068 |q 005100041068 |t BK |y 0 | ||
| 901 | |a BIBL1-2007-3 | ||
| 909 | |a Λ |b 140199 | ||
| 922 | |a 1ΕΛΗ |b 200711 |c ΕΠΕΑΕΚ2/ΤΚ |d ΕΛΕΥΘΕΡΟΥΔΑΚΗΣ | ||
| 970 | |a ΚΑΡΑ |b ΓΙΑΣΕΜΗ |z 2007/11/13 | ||